Sleep Token - Caramel (All Lyrics) - Statistics

General Stats
  • This quiz has been taken 173 times
    160 since last reset
  • The average score is 301 of 404
Answer Stats
Lyrics % Correct
me
98%
me,
98%
a
96%
A
96%
caramel
96%
I
96%
(I
96%
like
95%
to
95%
stick
94%
be
93%
in
92%
(In
92%
the
92%
The
92%
it
90%
it,
90%
you
90%
I'm
89%
"I'm
89%
So
89%
so
89%
get
88%
no
88%
not
87%
on
87%
beside
84%
for
84%
for?
84%
just
84%
out
84%
Walk
84%
but
83%
But
83%
(But
83%
of
83%
as
82%
"Is
82%
is
82%
my
82%
good
81%
harder
81%
it's
81%
nothing
81%
Prada,
81%
up
81%
Up
81%
Devil
80%
feel
80%
getting
80%
there,
80%
Wear
80%
well
80%
detail
78%
take
78%
what
78%
at
77%
into
77%
left
77%
gonna
76%
roses,
76%
sing
76%
try
76%
bitter
75%
cry
75%
even
75%
foot
75%
swear
75%
They
75%
they
75%
till
75%
trying
75%
tryna
75%
times
73%
while
73%
can
72%
Can
72%
hide
72%
landmine
72%
Right
72%
20/20
71%
exhale
71%
that
71%
own
70%
stage
70%
came,
69%
came
69%
did
69%
goin'
69%
name
69%
real
69%
rise
69%
then
69%
from
67%
hear
67%
words
67%
ask
66%
bassline
66%
garden?"
66%
give
66%
mine
66%
Say
66%
tripping
66%
having
65%
limelight
65%
payback
65%
see
65%
sick
65%
Backed
64%
better,
64%
corners,
64%
Guess
64%
hands
64%
hindsight
64%
pardon"
64%
those
64%
all
63%
beg
63%
let
63%
that's
63%
Too
63%
war
63%
beautiful
61%
Count
61%
got
61%
I'll
61%
over
61%
prison,
61%
shout
61%
thought
61%
young
61%
acting
60%
didn't
60%
didn't.
60%
grapevine
60%
if
60%
lost,
60%
maybe
60%
nightmare,
60%
This
60%
given,
59%
glad
59%
still
59%
tell
59%
Tell
59%
understand
59%
by
58%
line
58%
low
58%
now
58%
mean
57%
never
57%
stressed
57%
talk
57%
about
55%
dancing
55%
deepest
55%
how
55%
keep
55%
mirror
55%
sidestage
55%
think
55%
along
54%
attrition,
54%
door
54%
everytime
54%
Everytime
54%
old
54%
rhythm
54%
sovereigns,
54%
top
54%
wanna
54%
hearsay
53%
know
53%
lens
53%
lookin'
53%
before
52%
caught
52%
don't
52%
sideways
52%
cards
51%
front
51%
visage
51%
blessed
49%
dice,
49%
Everybody
49%
eyes
49%
falling
49%
one
49%
ungrateful,
49%
dreams
48%
retaliate
48%
sweetest
48%
worse
48%
are
47%
'em
47%
free
47%
wants
47%
there's
46%
parallel
45%
Terrified
45%
answer
43%
final
42%
incisions,
41%
angels
34%
realm
34%
wings
31%
Missin'
30%
away)
29%
wish
29%
days
28%
days)
28%
same)
27%
these
27%
change)
24%
everythings
24%
things
24%
would
22%
No matching quizzes found
Score Distribution
Percent of People with Each Score
Percentile by Number Answered
Your Score History
You have not taken this quiz since the last reset